000 00838nam a2200301 a 4500
003 AR-BaBNM
005 20251128204252.0
008 082120s2002 ||||||||||||||000 | spa||
040 _cAR-BaBNM
100 1 _aQuinto, José María de
245 0 0 _aEl teatro y la sociología
260 _aBuenos Aires
_bCentro Editor de América Latina
_c1969
300 _a82 p.
490 0 _aEnciclopedia de teatro. Teatro y sociedad
500 _aContiene referencias bibliográficas en p. 83
650 4 _aSOCIOLOGIA CULTURAL
650 4 _aARTE DE VANGUARDIA
650 4 _aARTE POPULAR
650 4 _aTEATRO
650 4 _aARTES ESCENICAS
650 4 _aPRODUCCION TEATRAL
650 4 _aCRITICA LITERARIA
653 0 _aTEORIA DEL ARTE
655 _aLITERATURA
800 1 _aOrdaz, Luis
_edirector
942 _cBK
998 _cMARTIN
999 _c6788
_d6788